.Net security programming
Gardado en:
| Autor Principal: | |
|---|---|
| Formato: | Libro |
| Idioma: | Undetermined |
| Publicado: |
Indianapolis, IN
Wiley
2003
|
| Những chủ đề: | |
| Các nhãn: |
Engadir etiqueta
Sen Etiquetas, Sexa o primeiro en etiquetar este rexistro!
|
| Thư viện lưu trữ: | Trung tâm Học liệu Trường Đại học Cần Thơ |
|---|
| LEADER | 00521nam a2200181Ia 4500 | ||
|---|---|---|---|
| 001 | CTU_56375 | ||
| 008 | 210402s9999 xx 000 0 und d | ||
| 082 | |a 005.8 | ||
| 082 | |b M367 | ||
| 100 | |a Donis Marshall | ||
| 245 | 0 | |a .Net security programming | |
| 245 | 0 | |c Donis Marshall | |
| 260 | |a Indianapolis, IN | ||
| 260 | |b Wiley | ||
| 260 | |c 2003 | ||
| 650 | |a computer networks,web sites | ||
| 650 | |x security measures,computer programs,security measures | ||
| 980 | |a Trung tâm Học liệu Trường Đại học Cần Thơ | ||